MDQL
is popping MORE tags! Check the
thread
!
Quizzes
Events
Quiz Creation
Community
Videos
Private Events
Remove Ads
Sign In
Join for FREE
Feedback
Dark Mode
Quiz Categories
Sports
Geography
Music
Movies
Television
Just For Fun
Miscellaneous
History
Literature
Language
Science
Gaming
Entertainment
Religion
Holiday
For Kids
Quiz Lab
Recent
Popular Today
Quiz Kudos Today
Editor Picks
Curator Picks
Quizzes by...
Day
Popularity
Type
Ratings
Length
Year
Community
Subscriptions
Recent Discussions
Orange Saloon
Badges
Playlists
Quests
Create
Leaderboards
Showdown
Live 5
Trivia Bingo
Activity
Puzzle Library
Sporcle Events
Private Events
Virtual Trivia
Globe League
Become a Host
Pub Owners
SporcleCon
Opinionation
Our Games
Videos
Blog
Mobile Apps
Partnerships
Remove Ads and Go Orange
Feedback
Music
Pop Music
The Beatles
Song
Album
Lyrics
Bands
Singers
Artist
Clip
Rock
Rap
Classical
Billboard
Country Music
Kpop
Taylor Swift
Music
Pop Music
The Beatles
Song
Album
Lyrics
Bands
Singers
Artist
Clip
Rock
Rap
Classical
Billboard
Country Music
Kpop
Taylor Swift
Random Quiz
Search Sporcle
×
Quiz Lab
Quiz Lab
Music
Disney
Type in answers that appear in a list
Type in answers that appear in a list
Classic
Best Score? Go Orange.
Figure Out the Disney Lyrics XIII Stats
Can you name the Figure Out the Disney Lyrics XIII?
By
sevvysnape
8m
209 Questions
911 Plays
911 Plays
911 Plays
Comments
Comments
Give Quiz Kudos
Give Quiz Kudos
-
- Ratings
hide this ad
Replay
Link that replays current quiz
Next Quiz
Link to next quiz in quiz playlist
You Got
0%
They Got
Avg Score
71%
Avg Friend Score
Upgrade to see
Score Distribution
Jump to the score distribution portion of the page
Score
0/209
Timer
08:00
0
Plays Today
% Correct
the
97.7%
and
97.7%
a
97.7%
A
97.7%
A
97.7%
A
97.7%
A
97.7%
a
97.7%
a
97.7%
A
97.7%
A
97.7%
a
97.7%
A
97.7%
a
97.7%
A
97.7%
A
97.7%
A
97.7%
and
97.7%
you
94.5%
you
94.5%
you
94.5%
you
94.5%
you
94.5%
you
94.5%
you
94.5%
you
94.5%
can
87.8%
can
87.8%
me
87.5%
me
87.5%
me
87.5%
an
87%
in
84.6%
in
84.6%
to
84.1%
to
84.1%
to
84.1%
to
84.1%
to
84.1%
to
84.1%
to
84.1%
be
83.2%
be
83.2%
on
82.8%
when
82.7%
when
82.7%
your
82.4%
your
82.4%
your
82.4%
your
82.4%
it
81.9%
go
81.7%
go
81.7%
world
81%
world
81%
world
81%
world
81%
world
81%
world
81%
world
81%
world
81%
world
81%
where
80.9%
where
80.9%
where
80.9%
of
80.1%
show
79.9%
No
79.9%
no
79.9%
Tell
75.6%
% Correct
tell
75.6%
that
75.5%
that
75.5%
new
75.4%
new
75.4%
new
75.4%
new
75.4%
new
75.4%
new
75.4%
new
75.4%
new
75.4%
new
75.4%
new
75.4%
let
75.3%
Let
75.3%
whole
75.2%
whole
75.2%
whole
75.2%
whole
75.2%
whole
75.2%
whole
75.2%
whole
75.2%
whole
75.2%
one
75%
or
75%
or
75%
im
75%
im
75%
im
75%
Im
75%
were
74.6%
heart
74.5%
us
74.4%
so
74.1%
by
73.5%
now
72.8%
did
72.8%
now
72.8%
Now
72.8%
princess
72.7%
magic
72.4%
carpet
72.4%
ride
72%
its
72%
Shining
71.9%
with
71.9%
with
71.9%
With
71.9%
with
71.9%
shimmering
71.6%
Take
71.4%
decide
71%
last
70.9%
eyes
70.9%
eyes
70.9%
wonder
70.6%
wonder
70.6%
splendid
70.5%
for
70.5%
I
70.4%
I
70.4%
I
70.4%
I
70.4%
I
70.4%
open
69.8%
up
69.7%
say
69.3%
here
68.8%
point
68.7%
view
68.7%
% Correct
Over
67.7%
under
67.7%
place
67.6%
place
67.6%
only
67.5%
dreaming
67%
Dont
67%
fantastic
66.8%
But
66.6%
sideways
66.5%
way
66.3%
see
65.8%
never
65.3%
knew
63.9%
crystal
63.7%
clear
63.7%
Ive
62.6%
close
62%
cant
61.6%
this
61.1%
dare
60.9%
like
60.4%
dazzling
57.8%
sky
57.5%
come
56.8%
star
56.2%
I'll
56.2%
far
56.1%
feeling
55.7%
back
55.2%
sights
54.9%
indescribable
54.6%
Unbelievable
54.4%
Soaring
54.4%
used
54.3%
shooting
53.9%
Every
53.5%
Every
53.5%
diamond
53.2%
through
52.9%
endless
52.7%
tumbling
51.6%
share
51.2%
freewheeling
50.9%
gets
50.5%
we'll
50.5%
better
50.4%
them
50.1%
time
48.5%
Hold
48.4%
wondrous
47.7%
Thats
47.2%
breath
46.8%
turn
45.9%
surprise
45.9%
things
45.6%
Theres
45.4%
chase
44.7%
chase
44.7%
thrilling
44.2%
thousand
44%
moment
44%
hundred
43.2%
red
43.2%
letter
43.2%
horizons
43%
anywhere
42%
spare
41.3%
pursue
34.6%
Quiz Playlist
Details
Report
Send in Message
Add To Playlist
Classic:
Type in answers that appear in a list
Last Updated: Feb 16, 2017
Quiz Scoreboard
CHALLENGE
Sign Up to Join the Scoreboard
Show All
Scores
Hide
Comments
May contain spoilers
Recently Published
Holiday 10x10 Sorting Gallery
by lukepisani3
Holiday
15m
Two Season TV Shows II
by 123Four
Television
10m
Image Sorting: Flags VI
by Barbecue
Geography
2m
More to Explore
Quiz From the Vault
Featured Blog Post
14 Easter Pick-up Lines to Find Eggs With
hide this ad
You Might Also Like...
Tags
Disney Quiz
Lyrics Quiz
Song Quiz
hint
No
out
Today's Top Quizzes in Music
Browse Music
hide this ad
Today's Top Quizzes in Disney
Browse Disney
Top Contributed Quizzes in Music
1
5X2 Blitz: Bands II
2
Taylor Swift All Songs (2024)
3
5X2 Blitz: The Beatles
4
5X2 Blitz: Billboard
5
Music Artist by Three 2010s hits
6
5X2 Blitz: Billboard II
7
Singers Born in the 1930s
8
5X2 Blitz: Album
9
5X2 Blitz: Rock
10
5X2 Blitz: Singers
Explore More
Trending Topics
Harry Potter
Crossword
Kpop
Anime
Disney
NBA
Marvel
Soccer
Pokémon
Puzzle
The Office
WWE
Song
Country
NFL
hide this ad
More By:
sevvysnape
Quiz
Plays
Rating
Category
Featured
Created
Figure Out the Disney Lyrics
3,704
3.68
Music
Dec 11, 2011
Figure Out the Disney Lyrics IX
3,562
4.14
Music
Dec 11, 2011
Figure Out the Disney Lyrics XIV
1,015
3.50
Music
Jan 15, 2012
Figure Out the Disney Lyrics XIII
911
4.00
Music
Jan 15, 2012
Atonement Letter
313
5.00
Movies
Aug 23, 2012
Go to Creator's Profile
Score Distribution
Quiz Creator Spotlight
sevvysnape
Follow
Send a Message
Quizzes Created
-
Created Quiz Play Count
-
More By This Creator
Popular Quizzes Today
1
Find the US States - No Outlines Minefield
2
Colored Red Africa Blitz
3
Find the 'City' Movie
4
The Countries of the World
5
Find the US States
6
5x2 Blitz: Bands
7
Find the Countries of Europe - No Outlines Minefield
8
US States
More Music Quizzes
Songs Featuring...
Published
Trending Quizzes
Colored Red Europe Blitz I
Colored Red Europe Blitz II
Colored Red Africa Blitz II
Colored Red Europe Blitz III
Colored Red Africa Blitz III
Recently Updated
Odd Team Out - Big 4 Players
pecheneg
Quick Pick: 20 Twenties
pecheneg
March Madness Men's Triple Doubles
pecheneg
How Do You Spell That?
pecheneg
Godzilla Movies
pecheneg
Grab Bag: 4-10 Letters
pecheneg
2024 March Madness Bracket
pecheneg
Famous TV Couples
Peacemaker
Champions League XIs: Real Madrid
pecheneg
Largest US Cities 1790-2010
pecheneg
Trending Topics
Harry Potter
Disney
Kpop
Marvel
Anime
NBA
Crossword
Pokémon
Soccer
WWE
Puzzle
The Office
Song
NFL
Country
Your Account Isn't Verified!
In order to create a playlist on Sporcle, you need to verify the email address you used during registration. Go to your
Sporcle Settings
to finish the process.
Report this User
Report this user for behavior that violates our
Community Guidelines
.
Details:
Send Report
Go to the Sporcle.com Mobile Site →
Comments